ARRUPE JESUIT UNIVERSITY

CORONAVIRUS -STOP THE SPREAD - CLEAN,DISINFECT,COVER

Dialectical materialsm (Record no. 5303)

MARC details
000 -LEADER
fixed length control field 00650nam a2200241Ia 4500
003 - CONTROL NUMBER IDENTIFIER
control field 0100
008 - FIXED-LENGTH DATA ELEMENTS--GENERAL INFORMATION
fixed length control field 130227s9999 xx 000 0 und d
040 ## - CATALOGING SOURCE
Transcribing agency ARRUPELIB
050 ## - LIBRARY OF CONGRESS CALL NUMBER
Classification number B809.8.C65 1968
100 ## - MAIN ENTRY--PERSONAL NAME
Personal name Cornforth, Maurice
9 (RLIN) 33684
245 ## - TITLE STATEMENT
Title Dialectical materialsm
245 ## - TITLE STATEMENT
Remainder of title An Introduction
250 ## - EDITION STATEMENT
Edition statement 4th edition
260 ## - PUBLICATION, DISTRIBUTION, ETC. (IMPRINT)
Name of publisher, distributor, etc Lawren ce & Wishart
Place of publication, distribution, etc London
Date of publication, distribution, etc 1868-76
300 ## - PHYSICAL DESCRIPTION
Extent 3v
300 ## - PHYSICAL DESCRIPTION
Other physical details 22cm
650 ## - SUBJECT ADDED ENTRY--TOPICAL TERM
Topical term or geographic name as entry element Dialectical materialism
9 (RLIN) 18201
942 ## - ADDED ENTRY ELEMENTS (KOHA)
Source of classification or shelving scheme Library of Congress Classification
Item type Monograph ( Printed materials)
Holdings
Withdrawn status Lost status Source of classification or shelving scheme Damaged status Not for loan Collection code Home library Current library Shelving location Date acquired Total Checkouts Full call number Barcode Date last seen Copy number Price effective from Koha item type Date last borrowed
    Library of Congress Classification     Main Collection ARRUPE LIBRARY ARRUPE LIBRARY   27/02/2013   B809.8.C65 1968 46406814 27/02/2013 1 27/02/2013 Monograph ( Printed materials)  
    Library of Congress Classification     Main Collection ARRUPE LIBRARY ARRUPE LIBRARY   27/02/2013 1 B809.8.C65 1968 46406815 15/10/2015 2 27/02/2013 Monograph ( Printed materials) 08/10/2015
    Library of Congress Classification     Main Collection ARRUPE LIBRARY ARRUPE LIBRARY   27/02/2013   B809.8.C65 1968 46406816 27/02/2013 3 27/02/2013 Monograph ( Printed materials)  

 

Arrupe Library. PO Box MP320 Mt Pleasant, Harare, Zimbabwe
263 242 745411|librarian@aju.ac.zw